| 000 | 00789nam a22002177a 4500 | ||
|---|---|---|---|
| 999 |
_c20655 _d20655 |
||
| 003 | AR-CdUCM | ||
| 008 | 190601b ||||| |||| 00| 0 spa d | ||
| 040 |
_aMUNICIPALIDAD PROVINCIAL DEL CUSCO _cBIBLIOTECA MUNICIPAL DEL CUSCO |
||
| 082 |
_a792 / _bV28 |
||
| 100 |
_aPhilippe Van, Tieghem _943177 |
||
| 245 |
_aLos grandes comediantes : _b1400-1900 / |
||
| 260 |
_aArgentina : _bEUDEBA, _c1961. |
||
| 300 |
_a63 páginas ; _c27 cm. |
||
| 440 |
_aCuadernos de EUDEBA _n44 _943178 |
||
| 505 | _aContenido : Edad media y renacimiento -- Los grandes interpretes de la época Isabelina -- La compañía de hotel de Bourgegne... | ||
| 650 |
_aGrandes actores Rusos _943179 |
||
| 650 |
_aJaponeses _943180 |
||
| 650 |
_aIntérpretes de la época _943181 |
||
| 942 |
_2ddc _cLIBROS |
||
| 945 | _arcc | ||